The British in Mombasa 1824-1826 : (Record no. 13484)
[ view plain ]
| 000 -LEADER | |
|---|---|
| fixed length control field | 00604nam a22001932 4500 |
| 001 - CONTROL NUMBER | |
| control field | 0000012205 |
| 005 - DATE AND TIME OF LATEST TRANSACTION | |
| control field | 20151217155851.0 |
| 008 - FIXED-LENGTH DATA ELEMENTS--GENERAL INFORMATION | |
| fixed length control field | 090216s xx 000 0 eng d |
| 040 ## - CATALOGING SOURCE | |
| Original cataloging agency | KABU |
| Transcribing agency | KABU |
| 100 1# - MAIN ENTRY--PERSONAL NAME | |
| Personal name | Gray, John. |
| -- | 0000067557 |
| 245 14 - TITLE STATEMENT | |
| Title | The British in Mombasa 1824-1826 : |
| Remainder of title | being history of Captain Owen's Protectorate / |
| Statement of responsibility, etc. | Sir John Gray. |
| 250 ## - EDITION STATEMENT | |
| Edition statement | 1st ed. |
| 260 ## - PUBLICATION, DISTRIBUTION, ETC. (IMPRINT) | |
| Place of publication, distribution, etc. | London : |
| Name of publisher, distributor, etc. | Macmillan, |
| Date of publication, distribution, etc. | 1957. |
| 300 ## - PHYSICAL DESCRIPTION | |
| Extent | viii, 216 p. |
| 651 #0 - SUBJECT ADDED ENTRY--GEOGRAPHIC NAME | |
| Geographic name | Kenya |
| General subdivision | History. |
| -- | 0000148727 |
| 852 1# - LOCATION | |
| -- | p500 KES |
| 908 ## - PUT COMMAND PARAMETER (RLIN) | |
| Put command parameter | 090216 |
| 950 ## - LOCAL HOLDINGS (RLIN) | |
| -- | 1 |
| Withdrawn status | Lost status | Source of classification or shelving scheme | Not for loan | Home library | Current library | Date acquired | Total Checkouts | Full call number | Barcode | Date last seen | Price effective from | Koha item type |
|---|---|---|---|---|---|---|---|---|---|---|---|---|
| Library of Congress Classification | Kabarak, Main Campus | Kabarak, Main Campus | 17/12/2015 | DT433.565 .G73 1957 c. 1 | 16622 | 17/12/2015 | 17/12/2015 | Africana Collection |